| 000 | 00631cam a22001934a 4500 | ||
|---|---|---|---|
| 001 | 12943102 | ||
| 005 | 20241108164342.0 | ||
| 008 | 020924s2004 njua b 001 0 eng | ||
| 020 | _a0131112937 | ||
| 050 | 0 | 0 |
_aTX911.3.M27 _bW3515 2004 |
| 082 | 0 | 0 |
_a647.94/068 _221 |
| 100 | 1 |
_aWalker, John R., _d1944- |
|
| 245 | 1 | 0 |
_aIntroduction to hospitality management / _cJohn R. Walker. |
| 260 |
_aUpper Saddle River, N.J. : _bPrentice Hall, _cc2004. |
||
| 300 |
_axxx, 769 p. : _bill. (some col.) ; _c26 cm. |
||
| 500 | _aIncludes bibliographical references and index. | ||
| 650 | 0 |
_aHospitality industry _xManagement. |
|
| 942 |
_2lcc _cBK _n0 |
||
| 999 |
_c918 _d918 |
||